Understanding the bible commentary series/ (Record no. 12935)

MARC details
000 -LEADER
fixed length control field 00445nam a22001577a 4500
005 - DATE AND TIME OF LATEST TRANSACTION
control field 20250410082647.0
008 - FIXED-LENGTH DATA ELEMENTS--GENERAL INFORMATION
fixed length control field 250410b |||||||| |||| 00| 0 eng d
020 ## - INTERNATIONAL STANDARD BOOK NUMBER
International Standard Book Number 9780801046582
082 ## - DEWEY DECIMAL CLASSIFICATION NUMBER
Classification number 227.92077
Item number NOR
100 ## - MAIN ENTRY--PERSONAL NAME
Personal name Hillyer,Norman
9 (RLIN) 25192
245 ## - TITLE STATEMENT
Title Understanding the bible commentary series/
Remainder of title 1&2 Peter, Jude
260 ## - PUBLICATION, DISTRIBUTION, ETC. (IMPRINT)
Place of publication, distribution, etc Grand Rapids,
Name of publisher, distributor, etc Baker,
Date of publication, distribution, etc c 1992
300 ## - PHYSICAL DESCRIPTION
Extent i, 286p.;
Dimensions 22cm
505 ## - FORMATTED CONTENTS NOTE
Formatted contents note includes index
942 ## - ADDED ENTRY ELEMENTS (KOHA)
Source of classification or shelving scheme Dewey Decimal Classification
Item type Books
Holdings
Withdrawn status Lost status Source of classification or shelving scheme Damaged status Not for loan Home library Current library Shelving location Date acquired Source of acquisition Inventory number Total Checkouts Full call number Barcode Date last seen Copy number Price effective from Koha item type Public note
    Dewey Decimal Classification     Main Library Main Library Open Shelves 10/04/2025 Donation 32052   227.92077 NOR bsu25040025 10/04/2025 001 10/04/2025 Books Material available in hard copy

© 2017 Bishop Stuart University Library. All Rights Reserved.
Kakoba Campus, Plot 150 Buremba Road | P.O. Box 9, Mbarara, UGANDA | Tel: +256-772-463068
Email: library@bsu.ac.ug